000 00694nam a22001937a 4500
003 BUBTL
008 230704b ||||| |||| 00| 0 eng d
041 _aবাংলা
082 _a346.066/ R1293c/ 2005
100 _92440
_aরহমান, মোঃ মাহবুবুর
245 _aকোম্পানী আইন ১৯৯৪ /
_bমোঃ মাহবুবুর রহমান :
250 _a২য় সং
260 _aঢাকা
_bসামস পাবলিকেশন্স
_cc২০০৫ইং
300 _a495p . :
_bill. ;
_c21 cm.
650 0 _926
_aLaw
856 _k0
_l0
_yDownload
942 _2ddc
_cBK
999 _c7059
_d7059